The furniture industry in the European Union : multiclient research.
| Format: | Book |
|---|---|
| Published: |
Milan:
Centre for Industrial Studies,
1996.
|
| Subjects: |
| LEADER | 00544cam a2200169 7i4500 | ||
|---|---|---|---|
| 001 | 0000005747 | ||
| 005 | 19991025090000.0 | ||
| 002 | ##000007390 | ||
| 020 | 0 | 0 | |a T000005748 |
| 090 | 0 | 0 | |a P 684.1 |b FUR |
| 245 | 0 | 4 | |a The furniture industry in the European Union : |b multiclient research. |
| 260 | 0 | 0 | |a Milan: |b Centre for Industrial Studies, |c 1996. |
| 300 | 0 | 0 | |a 152 p.. |
| 500 | 0 | 0 | |a Library has May 1996 |
| 650 | 0 | 0 | |a Furniture industry and trade -- |z European Union |
| 651 | 0 | 0 | |a European Union |
| 999 | |a 0000008339 |b Book |c Open shelf |e Business Information Centre | ||